[Event "Titled Tuesday intern op 25th Jul Late"]
[Site "Chess.com INT"]
[Date "2023.07.25"]
[Round "7"]
[White "Jahnz, Fabian"]
[Black "Coro, Lucas"]
[Result "0-1"]
[WhiteElo "2268"]
[BlackElo "2303"]
[PlyCount "66"]
[EventDate "2023.07.25"]
[EventType "swiss (blitz)"]
[EventRounds "11"]
[EventCountry "USA"]
[SourceTitle "EXT 2024"]
[Source "ChessBase"]
[SourceDate "2023.10.10"]
[SourceVersion "1"]
[SourceVersionDate "2023.10.10"]
[SourceQuality "1"]

1. e4 c5 2. Nf3 d6 3. Bb5+ Nc6 4. d4 cxd4 5. Nxd4 Bd7 6. Nxc6 bxc6 7. Bd3 g6 8. 0-0 Bg7 9. c4 Nf6 10. Nc3 0-0 11. h3 a5 12. Be3 Be6 13. Rc1 Nd7 14. b3 Nc5 15. Bb1 Qb8 16. Bd4 Qb4 17. Bxg7 Kxg7 18. Qd4+ f6 19. f4 a4 20. f5 Bg8 21. Rf3 axb3 22. fxg6 Qxc4 23. Qxc4 Bxc4 24. axb3 Nxb3 25. Rc2 Nd4 26. gxh7 Nxf3+ 27. gxf3 Ra1 28. Kf2 Rb8 29. e5 Bd3 30. Ra2 Rbxb1 31. exf6+ exf6 32. Nxb1 Rxa2+ 33. Ke3 Bxb1 0-1

[Event "Asuncion zt 2.5"]
[Site "Asuncion"]
[Date "2023.03.07"]
[Round "4"]
[White "Coro, Lucas"]
[Black "Rodriguez Vila, Andres"]
[Result "0-1"]
[WhiteElo "2302"]
[BlackElo "2430"]
[PlyCount "74"]
[EventDate "2023.03.05"]
[EventType "swiss"]
[EventRounds "9"]
[EventCountry "PAR"]
[SourceTitle "CBM 213 Extra"]
[Source "ChessBase"]
[SourceDate "2023.05.31"]
[SourceVersion "1"]
[SourceVersionDate "2023.05.31"]
[SourceQuality "1"]

1. e4 e6 2. d4 d5 3. e5 c5 4. c3 Nc6 5. Nf3 Bd7 6. Be2 Nge7 7. h4 Qb6 8. dxc5 Qxc5 9. b4 Qb6 10. b5 Na5 11. Nd4 Rc8 12. Be3 Qc7 13. f4 Nc4 14. Bf2 Ng6 15. g3 f6 16. f5 fxe5 17. fxe6 exd4 18. exd7+ Qxd7 19. 0-0 Ne3 20. Bxe3 dxe3 21. Bg4 Qd6 22. Rf3 Qc5 23. Qe1 Ne5 24. Rxe3 Qxe3+ 25. Qxe3 Bc5 26. Bxc8 Bxe3+ 27. Kg2 Rf8 28. Bxb7 Rf2+ 29. Kh3 d4 30. Na3 d3 31. Bd5 h5 32. Nc4 Ng4 33. Bg2 Bc5 34. a4 Rc2 35. a5 Rxc3 36. Ra4 Rc2 37. b6 Kd8 0-1

[Event "Florianopolis op 9th"]
[Site "Florianopolis"]
[Date "2023.01.28"]
[Round "8"]
[White "Coro, Lucas"]
[Black "Kropff, Ricardo"]
[Result "1-0"]
[WhiteElo "2272"]
[BlackElo "2125"]
[PlyCount "57"]
[EventDate "2023.01.23"]
[EventType "swiss"]
[EventRounds "10"]
[EventCountry "BRA"]
[SourceTitle "CBM 212 Extra"]
[Source "ChessBase"]
[SourceDate "2023.03.31"]
[SourceVersion "1"]
[SourceVersionDate "2023.03.31"]
[SourceQuality "1"]

1. e4 e5 2. Nf3 Nf6 3. Nxe5 d6 4. Nf3 Nxe4 5. d4 d5 6. Bd3 Nc6 7. 0-0 Bf5 8. Re1 Be7 9. Nbd2 Nxd2 10. Qxd2 Bxd3 11. Qxd3 0-0 12. Bf4 Qd7 13. Re2 Bf6 14. c3 Rfe8 15. Rae1 Rxe2 16. Qxe2 Ne7 17. Ne5 Qf5 18. Bg3 c6 19. Ng4 Ng6 20. Nxf6+ Qxf6 21. Qg4 Nf8 22. h4 Ne6 23. h5 Rf8 24. Re3 Qh6 25. Qf5 g6 26. Qf6 Qg7 27. Qe7 g5 28. Be5 Qh6 29. Bf6 1-0

[Event "Arica op 8th"]
[Site "Arica"]
[Date "2022.12.20"]
[Round "8"]
[White "Obregon, Carlos Andres"]
[Black "Coro, Lucas"]
[Result "1-0"]
[WhiteElo "2508"]
[BlackElo "2310"]
[PlyCount "137"]
[EventDate "2022.12.16"]
[EventType "swiss"]
[EventRounds "10"]
[EventCountry "CHI"]
[SourceTitle "CBM 212 Extra"]
[Source "ChessBase"]
[SourceDate "2023.03.31"]
[SourceVersion "1"]
[SourceVersionDate "2023.03.31"]
[SourceQuality "1"]

1. e4 c5 2. Nf3 e6 3. d4 cxd4 4. Nxd4 Nc6 5. Nc3 Qc7 6. Be3 a6 7. Qf3 Nf6 8. 0-0-0 h5 9. Nxc6 bxc6 10. Bf4 e5 11. Bg5 d6 12. Qg3 Be6 13. Be2 Rb8 14. f4 Qa5 15. h4 Ng4 16. b3 f6 17. f5 Bf7 18. Rd3 fxg5 19. hxg5 Nf6 20. gxf6 gxf6 21. Kb1 Rg8 22. Qf2 Qb6 23. Qf1 Rg5 24. g3 Qb4 25. Qd1 Kd7 26. Bxh5 Bc4 27. Rf3 a5 28. Ka1 Bg8 29. Re3 Be7 30. Be2 Bd8 31. Na4 Be7 32. g4 Qa3 33. Rd3 Kc7 34. Bf3 Qb4 35. Rh2 Rg7 36. c4 Rd8 37. Rhd2 Rh7 38. Qg1 Kb7 39. Rc2 Bf7 40. Kb2 Ka6 41. a3 Qb8 42. Be2 c5 43. Rg3 Rdh8 44. Nc3 Rh2 45. Nb5 Be8 46. a4 Bc6 47. Bd3 Rxc2+ 48. Bxc2 Bxb5 49. cxb5+ Kb6 50. Rd3 Qg8 51. Qd1 Qf8 52. Rg3 Qg8 53. g5 fxg5 54. f6 Bf8 55. Qg4 Kc7 56. b6+ Kxb6 57. Qd7 Rh7 58. Qb5+ Kc7 59. Qxa5+ Kb8 60. Qd8+ Ka7 61. a5 Rb7 62. a6 Kxa6 63. Rg1 Kb5 64. Ra1 c4 65. Ra5+ Kb4 66. Ra4+ Kb5 67. bxc4+ Kc6+ 68. Kc3 Rc7 69. Ra6+ 1-0

[Event "Santa Fe Litoral op 2nd"]
[Site "Santa Fe"]
[Date "2022.11.12"]
[Round "4"]
[White "Acosta, Carlos Rafael"]
[Black "Coro, Lucas"]
[Result "0-1"]
[WhiteElo "1667"]
[BlackElo "2316"]
[PlyCount "66"]
[EventDate "2022.11.10"]
[EventType "swiss"]
[EventRounds "7"]
[EventCountry "ARG"]
[SourceTitle "CBM 211 Extra"]
[Source "ChessBase"]
[SourceDate "2023.01.31"]
[SourceVersion "1"]
[SourceVersionDate "2023.01.31"]
[SourceQuality "1"]

1. c4 g6 2. g3 Bg7 3. Bg2 d6 4. Nc3 e5 5. e4 Nc6 6. Nge2 h5 7. h3 h4 8. g4 f5 9. exf5 gxf5 10. Qa4 Nge7 11. d4 f4 12. d5 0-0 13. Be4 Nd4 14. Nxd4 exd4 15. Ne2 Be5 16. Qd1 c6 17. Nxd4 cxd5 18. cxd5 Qb6 19. Nc2 Bd7 20. Rb1 Rac8 21. Bd2 Bb5 22. Bc3 Rxc3 23. g5 Rc4 24. Bd3 Rc5 25. Na3 Bxd3 26. Qxd3 Rxd5 27. Qf3 Qb4+ 28. Kf1 Rd2 29. Kg2 Nf5 30. Rhc1 Bd4 31. Rc4 Qa5 32. b4 Qe5 33. Rb3 Rxf2+ 0-1

[Event "Santa Fe Litoral op 2nd"]
[Site "Santa Fe"]
[Date "2022.11.11"]
[Round "2"]
[White "Straini, Nahuel"]
[Black "Coro, Lucas"]
[Result "0-1"]
[WhiteElo "1955"]
[BlackElo "2316"]
[PlyCount "56"]
[EventDate "2022.11.10"]
[EventType "swiss"]
[EventRounds "7"]
[EventCountry "ARG"]
[SourceTitle "CBM 211 Extra"]
[Source "ChessBase"]
[SourceDate "2023.01.31"]
[SourceVersion "1"]
[SourceVersionDate "2023.01.31"]
[SourceQuality "1"]

1. d4 Nf6 2. Bf4 g6 3. e3 d6 4. Nf3 Nh5 5. Bg5 h6 6. Bh4 g5 7. Nfd2 Ng7 8. Bg3 Nf5 9. Be2 Bg7 10. 0-0 0-0 11. c3 Nxg3 12. hxg3 f5 13. e4 Kh8 14. Qb3 e6 15. Na3 Nc6 16. exf5 exf5 17. Nc2 Ne7 18. Ne3 c6 19. Nf3 Ng6 20. Bd3 h5 21. Qc2 Qf6 22. Nh2 Ne7 23. Nf3 Bd7 24. Rae1 Rae8 25. Nc4 Ng6 26. Rxe8 Rxe8 27. Ne3 g4 28. Nxf5 gxf3 0-1

[Event "Santa Fe Litoral op 2nd"]
[Site "Santa Fe"]
[Date "2022.11.10"]
[Round "1"]
[White "Coro, Lucas"]
[Black "Bernardo, Ismael"]
[Result "1-0"]
[WhiteElo "2316"]
[BlackElo "1616"]
[PlyCount "51"]
[EventDate "2022.11.10"]
[EventType "swiss"]
[EventRounds "7"]
[EventCountry "ARG"]
[SourceTitle "CBM 211 Extra"]
[Source "ChessBase"]
[SourceDate "2023.01.31"]
[SourceVersion "1"]
[SourceVersionDate "2023.01.31"]
[SourceQuality "1"]

1. e4 c5 2. Nf3 Nc6 3. Bb5 g6 4. 0-0 Bg7 5. c3 Nf6 6. Re1 0-0 7. d4 cxd4 8. cxd4 a6 9. Bxc6 bxc6 10. Nc3 Rb8 11. h3 d6 12. Qc2 Re8 13. Be3 Bd7 14. Rad1 Qb6 15. b3 Qb7 16. Bf4 Rbc8 17. Be3 Rc7 18. Qd2 Rec8 19. Bh6 c5 20. Bxg7 Kxg7 21. e5 Nd5 22. exd6 exd6 23. Ne4 Qb4 24. dxc5 dxc5 25. Qxd5 Bc6 26. Qe5+ 1-0

[Event "ARG-ch sf 97th"]
[Site "Buenos Aires"]
[Date "2022.09.13"]
[Round "7"]
[White "Coro, Lucas"]
[Black "Sasson, Maximiliano"]
[Result "0-1"]
[WhiteElo "2376"]
[BlackElo "2130"]
[PlyCount "132"]
[EventDate "2022.09.08"]
[EventType "swiss"]
[EventRounds "9"]
[EventCountry "ARG"]
[SourceTitle "CBM 210 Extra"]
[Source "ChessBase"]
[SourceDate "2022.11.30"]
[SourceVersion "1"]
[SourceVersionDate "2022.11.30"]
[SourceQuality "1"]

1. Nf3 c5 2. g3 b6 3. e4 Bb7 4. Nc3 e6 5. Bg2 Nf6 6. d3 Nc6 7. 0-0 d6 8. Re1 Be7 9. a4 a6 10. h3 0-0 11. Bf4 Nd7 12. Be3 Rc8 13. Nd2 Qc7 14. Nc4 Bf6 15. Qd2 Nd4 16. Rab1 Bc6 17. Qd1 b5 18. axb5 axb5 19. Nd2 Ra8 20. Ne2 b4 21. Nc4 Nxe2+ 22. Rxe2 Ra2 23. Qc1 Rfa8 24. Bg5 Bd4 25. Be7 d5 26. exd5 Bxd5 27. Bd6 Qc6 28. Qf1 Qa6 29. Bf4 h6 30. Ree1 Rd8 31. Bc1 Nb6 32. Ne3 Bxg2 33. Qxg2 b3 34. Qc6 bxc2 35. Nxc2 Qxd3 36. Be3 Qxc2 37. Qxb6 Rd5 38. Qb8+ Kh7 39. Bxd4 Rxd4 40. Qc7 Qf5 41. g4 Qf3 42. Qxc5 Rd2 43. Qe3 Qxe3 44. Rxe3 Raxb2 45. Rxb2 Rxb2 46. Kg2 Kg6 47. Rc3 Rb7 48. Kg3 e5 49. Ra3 h5 50. Re3 f6 51. Rc3 Kg5 52. gxh5 Kxh5 53. Kg2 Rb4 54. Rc7 g6 55. Rc6 Kg5 56. Rc3 f5 57. Rg3+ Kf6 58. Ra3 Rd4 59. Ra5 e4 60. Ra8 Rd2 61. Ra6+ Ke5 62. Ra8 Kf4 63. Ra4 Kg5 64. Ra3 f4 65. Ra5+ Kh4 66. Ra4 f3+ 0-1

[Event "Sales Oliveira Graton Squarizi Memorial"]
[Site "Sales Oliveira"]
[Date "2022.06.12"]
[Round "9"]
[White "Coro, Lucas"]
[Black "Lima, Darcy Gustavo Macha"]
[Result "1/2-1/2"]
[WhiteElo "2398"]
[BlackElo "2464"]
[PlyCount "68"]
[EventDate "2022.06.07"]
[EventType "tourn"]
[EventRounds "9"]
[EventCountry "BRA"]
[EventCategory "9"]
[SourceTitle "CBM 208 Extra"]
[Source "ChessBase"]
[SourceDate "2022.07.31"]
[SourceVersion "1"]
[SourceVersionDate "2022.07.31"]
[SourceQuality "1"]

1. e4 e5 2. Nf3 Nc6 3. Bb5 Nf6 4. d3 Bc5 5. Ba4 0-0 6. 0-0 d6 7. c3 Bd7 8. Re1 a6 9. h3 Ba7 10. Nbd2 Ne7 11. Bb3 Ng6 12. Nf1 Nh5 13. Be3 Nhf4 14. Bxa7 Rxa7 15. Ne3 Ra8 16. d4 Bc6 17. Nf5 Qf6 18. Bc2 Rad8 19. Qd2 Ne7 20. Nxe7+ Qxe7 21. Re3 Rfe8 22. Kh2 Bd7 23. Rd1 Bc8 24. b4 b6 25. a4 Qf6 26. Qe1 Qg6 27. Qf1 Qh5 28. Ng1 exd4 29. cxd4 c5 30. bxc5 bxc5 31. d5 f5 32. e5 dxe5 33. Qc4 Qg6 34. g3 Nh5 1/2-1/2

[Event "Sales Oliveira Graton Squarizi Memorial"]
[Site "Sales Oliveira"]
[Date "2022.06.10"]
[Round "5"]
[White "Coro, Lucas"]
[Black "Labussiere, Victor"]
[Result "0-1"]
[WhiteElo "2398"]
[BlackElo "2349"]
[PlyCount "86"]
[EventDate "2022.06.07"]
[EventType "tourn"]
[EventRounds "9"]
[EventCountry "BRA"]
[EventCategory "9"]
[SourceTitle "CBM 208 Extra"]
[Source "ChessBase"]
[SourceDate "2022.07.31"]
[SourceVersion "1"]
[SourceVersionDate "2022.07.31"]
[SourceQuality "1"]

1. e4 c5 2. Nf3 d6 3. d4 Nf6 4. Nc3 cxd4 5. Nxd4 Nc6 6. Bg5 e6 7. Qd2 Qb6 8. Nb3 Be7 9. 0-0-0 0-0 10. h4 Rd8 11. h5 d5 12. exd5 Nxd5 13. Bxe7 Ndxe7 14. Bd3 h6 15. Qe2 Nb4 16. Be4 Nbd5 17. Bxd5 Nxd5 18. Nxd5 exd5 19. Nd4 Qf6 20. Kb1 Bd7 21. f3 Re8 22. Qd2 Re5 23. g4 Qd6 24. Rhg1 Kh8 25. Rdf1 Rae8 26. c3 a5 27. f4 Re4 28. g5 a4 29. a3 Qb6 30. f5 hxg5 31. Qxg5 Qh6 32. Qg3 R4e5 33. Ka2 b6 34. Qh2 Bc8 35. Ne6 Qe3 36. h6 g6 37. fxg6 Bxe6 38. g7+ Kh7 39. Qc2+ Qe4 40. Qf2 Rg8 41. Re1 Qc4+ 42. Ka1 d4 43. b3 Qxc3+ 0-1

[Event "Sales Oliveira Graton Squarizi Memorial"]
[Site "Sales Oliveira"]
[Date "2022.06.09"]
[Round "3"]
[White "Supi, Luis Paulo"]
[Black "Coro, Lucas"]
[Result "1-0"]
[WhiteElo "2590"]
[BlackElo "2398"]
[PlyCount "73"]
[EventDate "2022.06.07"]
[EventType "tourn"]
[EventRounds "9"]
[EventCountry "BRA"]
[EventCategory "9"]
[SourceTitle "CBM 208 Extra"]
[Source "ChessBase"]
[SourceDate "2022.07.31"]
[SourceVersion "1"]
[SourceVersionDate "2022.07.31"]
[SourceQuality "1"]

1. e4 c5 2. Nf3 Nc6 3. Bb5 g6 4. Bxc6 bxc6 5. 0-0 Bg7 6. Re1 d6 7. e5 dxe5 8. Nxe5 Qc7 9. Nc4 Nf6 10. Qf3 0-0 11. d3 Nd5 12. Bd2 e5 13. Nc3 Be6 14. Ne4 Qe7 15. Qg3 f6 16. a3 Kh8 17. f3 Nb6 18. b3 Bg8 19. Qf2 Nd7 20. Be3 f5 21. Nxc5 Nb6 22. Bd4 Nxc4 23. bxc4 Qd6 24. Bc3 g5 25. Rab1 Rab8 26. Rxb8 Rxb8 27. Nb3 Rb7 28. Qe3 Qxa3 29. Bxe5 Qb4 30. Ra1 f4 31. Qd4 a5 32. Nxa5 c5 33. Qe4 Ra7 34. Bxg7+ Kxg7 35. Qe5+ Kg6 36. Nb3 Rxa1+ 37. Qxa1 1-0

[Event "Sales Oliveira Graton Squarizi Memorial"]
[Site "Sales Oliveira"]
[Date "2022.06.07"]
[Round "1"]
[White "Rodi, Luis Ernesto"]
[Black "Coro, Lucas"]
[Result "0-1"]
[WhiteElo "2351"]
[BlackElo "2398"]
[PlyCount "94"]
[EventDate "2022.06.07"]
[EventType "tourn"]
[EventRounds "9"]
[EventCountry "BRA"]
[EventCategory "9"]
[SourceTitle "CBM 208 Extra"]
[Source "ChessBase"]
[SourceDate "2022.07.31"]
[SourceVersion "1"]
[SourceVersionDate "2022.07.31"]
[SourceQuality "1"]

1. e4 c5 2. Nc3 Nc6 3. Bb5 Nd4 4. Nf3 a6 5. Bd3 g6 6. 0-0 Bg7 7. Re1 d6 8. Nxd4 cxd4 9. Ne2 e5 10. c3 dxc3 11. dxc3 Ne7 12. Bc4 h6 13. Qd3 b5 14. Bb3 Bb7 15. Rd1 Nc8 16. a4 0-0 17. axb5 axb5 18. Rxa8 Bxa8 19. Qxb5 Bxe4 20. Ng3 Bf5 21. Nxf5 gxf5 22. Bc2 Qf6 23. Qd3 e4 24. Qg3 Kh7 25. f3 Qe6 26. Qf4 Be5 27. Qe3 Ne7 28. fxe4 f4 29. Qf3 Ng6 30. Qh5 Rg8 31. Rf1 Rg7 32. Bd1 Kg8 33. Bg4 Qc4 34. Bf5 f3 35. Bxg6 Qc5+ 36. Rf2 Bd4 37. Bxf7+ Rxf7 38. Qg6+ Rg7 39. Qe6+ Kf8 40. Kf1 Bxf2 41. Qf6+ Rf7 42. Bxh6+ Ke8 43. Qe6+ Re7 44. Qg8+ Kd7 45. Qg4+ Kc7 46. b4 Qc4+ 47. Kxf2 Qe2+ 0-1

[Event "Mar del Plata op 51st"]
[Site "Mar del Plata"]
[Date "2022.04.13"]
[Round "6"]
[White "Coro, Lucas"]
[Black "Rodriguez Vila, Andres"]
[Result "1/2-1/2"]
[WhiteElo "2381"]
[BlackElo "2435"]
[PlyCount "91"]
[EventDate "2022.04.09"]
[EventType "swiss"]
[EventRounds "9"]
[EventCountry "ARG"]
[SourceTitle "CBM 208 Extra"]
[Source "ChessBase"]
[SourceDate "2022.07.31"]
[SourceVersion "1"]
[SourceVersionDate "2022.07.31"]
[SourceQuality "1"]

1. e4 c5 2. Nf3 b6 3. d4 cxd4 4. Nxd4 Bb7 5. Nc3 Nc6 6. Bg5 g6 7. Nxc6 dxc6 8. Qf3 f6 9. Bc4 Bg7 10. Rd1 Qc7 11. Be6 Bc8 12. Bf4 Qb7 13. Qh3 h5 14. 0-0 g5 15. Bc1 g4 16. Bxc8 Qxc8 17. Qd3 Nh6 18. e5 f5 19. Qc4 Nf7 20. Rfe1 Bxe5 21. Bf4 Bxf4 22. Qxf4 Rh6 23. Ne2 Kf8 24. Qb4 c5 25. Qa4 Qc6 26. Qxc6 Rxc6 27. Nf4 e5 28. Nxh5 f4 29. f3 gxf3 30. g3 Rh6 31. g4 Re8 32. Rd5 Rg6 33. Kf2 e4 34. h3 Rg5 35. Rxg5 e3+ 36. Kxf3 Nxg5+ 37. Kxf4 Nxh3+ 38. Kf3 Ng5+ 39. Ke2 Re5 40. Rf1+ Ke7 41. Rf5 Nf7 42. Rf3 Nh6 43. Nf4 Kd7 44. Rxe3 Nxg4 45. Rxe5 Nxe5 46. b3 1/2-1/2

[Event "Montevideo Duchamp Cup 5th"]
[Site "Montevideo"]
[Date "2022.02.18"]
[Round "8"]
[White "Coro, Lucas"]
[Black "Hungaski, Robert Andrew"]
[Result "0-1"]
[WhiteElo "2355"]
[BlackElo "2537"]
[PlyCount "104"]
[EventDate "2022.02.12"]
[EventType "swiss"]
[EventRounds "9"]
[EventCountry "URU"]
[SourceTitle "CBM 206 Extra"]
[Source "ChessBase"]
[SourceDate "2022.03.31"]
[SourceVersion "1"]
[SourceVersionDate "2022.03.31"]
[SourceQuality "1"]

1. e4 c5 2. Nf3 e6 3. g3 Nc6 4. Bg2 Nf6 5. Qe2 d5 6. exd5 Nxd5 7. 0-0 Be7 8. Rd1 Qb6 9. d3 0-0 10. c4 Nf6 11. Nc3 Rd8 12. Rb1 Bd7 13. a3 Be8 14. h4 a6 15. Qe1 Qb3 16. Be3 Ng4 17. Bg5 Bf6 18. Ne4 Bxg5 19. Nfxg5 Qb6 20. b4 cxb4 21. axb4 h6 22. Nf3 Qc7 23. d4 Ne7 24. Nc5 Nf6 25. Ne5 Ra7 26. Ra1 Nf5 27. Nb3 Nd7 28. Na5 Nxe5 29. dxe5 Rxd1 30. Qxd1 b6 31. Nb7 Rxb7 32. Bxb7 Qxb7 33. Qd8 Kf8 34. b5 axb5 35. Ra8 Qe7 36. Qxb6 g5 37. hxg5 bxc4 38. gxh6 Nxh6 39. Qc6 Nf5 40. Qxc4 Kg8 41. Qg4+ Ng7 42. Kh2 Qd7 43. Qg5 Qc6 44. Rd8 Qa4 45. Qe7 Kh7 46. Rb8 Qd4 47. Kg2 Bc6+ 48. Kh3 Qxe5 49. Qh4+ Nh5 50. Rb4 Qf5+ 51. Qg4 Qd5 52. Kh4 Nf6 0-1

[Event "Montevideo Duchamp Cup 5th"]
[Site "Montevideo"]
[Date "2022.02.17"]
[Round "7"]
[White "Coro, Lucas"]
[Black "Delgado Ramirez, Neuris"]
[Result "1/2-1/2"]
[WhiteElo "2355"]
[BlackElo "2615"]
[PlyCount "32"]
[EventDate "2022.02.12"]
[EventType "swiss"]
[EventRounds "9"]
[EventCountry "URU"]
[SourceTitle "CBM 206 Extra"]
[Source "ChessBase"]
[SourceDate "2022.03.31"]
[SourceVersion "1"]
[SourceVersionDate "2022.03.31"]
[SourceQuality "1"]

1. e4 c5 2. Nf3 Nc6 3. d4 cxd4 4. Nxd4 e5 5. Nb5 d6 6. N1c3 a6 7. Na3 Be6 8. Nd5 Nf6 9. Bg5 Bxd5 10. Bxf6 Qa5+ 11. c3 Be6 12. Bg5 Qc7 13. Nc4 b5 14. Ne3 Be7 15. Bxe7 Nxe7 16. g3 0-0 1/2-1/2

[Event "Montevideo Duchamp Cup 5th"]
[Site "Montevideo"]
[Date "2022.02.13"]
[Round "3"]
[White "Coro, Lucas"]
[Black "Tristan, Leonardo"]
[Result "1/2-1/2"]
[WhiteElo "2355"]
[BlackElo "2561"]
[PlyCount "50"]
[EventDate "2022.02.12"]
[EventType "swiss"]
[EventRounds "9"]
[EventCountry "URU"]
[SourceTitle "CBM 206 Extra"]
[Source "ChessBase"]
[SourceDate "2022.03.31"]
[SourceVersion "1"]
[SourceVersionDate "2022.03.31"]
[SourceQuality "1"]

1. e4 Nf6 2. e5 Nd5 3. c4 Nb6 4. d4 d6 5. exd6 cxd6 6. Nc3 g6 7. Be3 Bg7 8. Rc1 0-0 9. b3 Bf5 10. Nf3 d5 11. Be2 Nc6 12. 0-0 Bg4 13. c5 Nc8 14. h3 Bxf3 15. Bxf3 e6 16. Ne2 N8e7 17. g4 b6 18. Qd2 a5 19. Bg2 bxc5 20. Rxc5 Qb6 21. Nc3 Rfb8 22. Nb5 a4 23. b4 a3 24. Rfc1 Ra4 25. Rb1 Qd8 1/2-1/2

[Event "Online Olym Div Top-C"]
[Site "Chess.com INT"]
[Date "2021.09.10"]
[Round "6.4"]
[White "Coro, Lucas"]
[Black "Esipenko, Andrey"]
[Result "0-1"]
[WhiteElo "2352"]
[BlackElo "2720"]
[PlyCount "68"]
[EventDate "2021.09.09"]
[EventType "team (rapid)"]
[EventRounds "9"]
[EventCountry "USA"]
[SourceTitle "CBM 204 Extra"]
[Source "ChessBase"]
[SourceDate "2021.11.30"]
[SourceVersion "1"]
[SourceVersionDate "2021.11.30"]
[SourceQuality "1"]
[WhiteTeam "Argentina"]
[BlackTeam "Russia"]
[WhiteTeamCountry "ARG"]
[BlackTeamCountry "RUS"]

1. e4 e5 2. Nf3 Nc6 3. Bb5 a6 4. Ba4 Nf6 5. 0-0 Be7 6. Re1 b5 7. Bb3 0-0 8. a4 b4 9. d3 d6 10. a5 Be6 11. Nbd2 Bxb3 12. Nxb3 Rb8 13. d4 Rb5 14. Qd3 Qc8 15. d5 Nb8 16. Bg5 Nbd7 17. Nbd2 c6 18. dxc6 Qxc6 19. Bxf6 Bxf6 20. Nc4 d5 21. exd5 Rxd5 22. Qe2 Rc8 23. Nfd2 Bg5 24. Rad1 Bxd2 25. Rxd2 Rxd2 26. Nxd2 h6 27. h3 Nf6 28. Nf3 e4 29. Nd4 Qc4 30. Qe3 Qd5 31. Ra1 Rc4 32. Rd1 Qxa5 33. Qf4 Qd8 34. Qc1 Rxd4 0-1

[Event "Online Olym Div Top-C"]
[Site "Chess.com INT"]
[Date "2021.09.09"]
[Round "2.5"]
[White "Bronstein, Or"]
[Black "Coro, Lucas"]
[Result "1-0"]
[WhiteElo "2484"]
[BlackElo "2352"]
[PlyCount "123"]
[EventDate "2021.09.09"]
[EventType "team (rapid)"]
[EventRounds "9"]
[EventCountry "USA"]
[SourceTitle "CBM 204 Extra"]
[Source "ChessBase"]
[SourceDate "2021.11.30"]
[SourceVersion "1"]
[SourceVersionDate "2021.11.30"]
[SourceQuality "1"]
[WhiteTeam "Israel"]
[BlackTeam "Argentina"]
[WhiteTeamCountry "ISR"]
[BlackTeamCountry "ARG"]

1. d4 Nf6 2. c4 g6 3. Nc3 Bg7 4. e4 d6 5. Be2 0-0 6. Be3 Na6 7. Nf3 e5 8. 0-0 Qe8 9. dxe5 dxe5 10. a3 c6 11. Qc2 Bg4 12. b4 Qe7 13. h3 Bxf3 14. Bxf3 Rfe8 15. Rad1 Nc7 16. Bc5 Qe6 17. Na4 Qc8 18. Be3 b6 19. Nc3 Ne6 20. a4 h5 21. c5 Nd7 22. cxb6 axb6 23. Be2 Nd4 24. Qb2 Nf8 25. Bc4 Nfe6 26. Ra1 Qc7 27. Ne2 Nxe2+ 28. Qxe2 Nd4 29. Qb2 Red8 30. Rfc1 Bf6 31. b5 c5 32. Bd5 Rab8 33. Qa2 Kg7 34. Rf1 Rf8 35. Qd2 Kh7 36. Rac1 Qe7 37. Rb1 Bg7 38. Rfc1 Rfd8 39. a5 bxa5 40. b6 a4 41. Qa2 Rd7 42. Rb2 Bh6 43. Qxa4 Rd6 44. b7 Qc7 45. Rc4 Rb6 46. Qa3 Rxb2 47. Qxb2 Qe7 48. Bxh6 Kxh6 49. Qd2+ Kg7 50. Qa5 Ne6 51. Qc3 Nf4 52. Kf1 f6 53. Rxc5 Nxd5 54. exd5 Rxb7 55. g3 Rd7 56. Qc4 Qd6 57. h4 Qb8 58. Rc8 Qb1+ 59. Kg2 Qb7 60. Qc6 Qa7 61. Qe6 Rf7 62. Qe8 1-0

[Event "Online Olym Div2 D"]
[Site "Chess.com INT"]
[Date "2021.09.04"]
[Round "8.4"]
[White "Junior, Domingos"]
[Black "Coro, Lucas"]
[Result "1-0"]
[WhiteElo "2118"]
[BlackElo "2352"]
[PlyCount "73"]
[EventDate "2021.09.02"]
[EventType "team (rapid)"]
[EventRounds "9"]
[EventCountry "USA"]
[SourceTitle "CBM 204 Extra"]
[Source "ChessBase"]
[SourceDate "2021.11.30"]
[SourceVersion "1"]
[SourceVersionDate "2021.11.30"]
[SourceQuality "1"]
[WhiteTeam "Angola"]
[BlackTeam "Argentina"]
[WhiteTeamCountry "ANG"]
[BlackTeamCountry "ARG"]

1. e4 c5 2. Nf3 d6 3. d4 cxd4 4. Nxd4 Nf6 5. Nc3 a6 6. Be2 e5 7. Nb3 Be7 8. Be3 Be6 9. f3 Nbd7 10. Nd5 Bxd5 11. exd5 b5 12. a4 0-0 13. 0-0 Nb6 14. axb5 Nbxd5 15. Bf2 axb5 16. Bxb5 Nf4 17. Nd2 Qc7 18. Rxa8 Rxa8 19. Re1 Qb7 20. Bc4 Qxb2 21. Bb3 d5 22. Qb1 Qc3 23. Nf1 Bc5 24. Ne3 g6 25. Qd1 Kg7 26. Kf1 Bd4 27. g3 Nh3 28. Nxd5 Qc5 29. Bxd4 exd4 30. Nxf6 d3 31. Kg2 Nf2 32. Qd2 dxc2 33. Qxc2 Qb6 34. Qxf2 Qxb3 35. Ne4 Ra2 36. Re2 Ra4 37. Nc5 1-0